اردوےء موصفے / (Record no. 172025)

MARC details
000 -LEADER
fixed length control field 00436nam a22001817a 4500
005 - DATE AND TIME OF LATEST TRANSACTION
control field 20200124163908.0
010 ## - LCCN (DPL NO)
LC control number 184016
020 ## - INTERNATIONAL STANDARD BOOK NUMBER
Terms of availability 7.50
035 ## - SYSTEM CONTROL NUMBER
System control number 184016
037 ## - SOURCE OF ACQUISITION
Source of stock number/acquisition BPPD/Pub.
082 ## - DEWEY DECIMAL CLASSIFICATION NUMBER
Classification number 846
100 ## - MAIN ENTRY--PERSONAL NAME
Personal name عبد الحق
245 ## - TITLE STATEMENT
Title اردوےء موصفے /
Statement of responsibility, etc عبد الحق
260 ## - PUBLICATION, DISTRIBUTION, ETC. (IMPRINT)
Place of publication, distribution, etc -
Name of publisher, distributor, etc -
Date of publication, distribution, etc 1961 ء
270 ## - ADDRESS
Address -
City -
Postal code -
300 ## - PHYSICAL DESCRIPTION
Extent 447p.
Dimensions 22cm(Hb)
942 ## - ADDED ENTRY ELEMENTS (KOHA)
Source of classification or shelving scheme Dewey Decimal Classification
Item type Urdu Bks
Classification part 846
Call number suffix ع ب د
Holdings
Withdrawn status Lost status Not for loan Collection code Home library Current library Date acquired Source of acquisition Cost, normal purchase price Full call number Barcode Copy number Cost, replacement price Koha item type
      Non-fiction Central Library Central Library 24/01/2020 BPPD/Ven. 7.50 846 ع ب د 184016 1 7.50 Urdu Bks

© Delhi Public Library
Hit Counter
free hit counter